|
|
|
|
| LEADER |
00000nab a22000005a 4500 |
| 001 |
AR-BbUGT10108 |
| 003 |
AR-BbUGT |
| 005 |
20210511081738.0 |
| 007 |
ta |
| 008 |
160802s2015||||ag |||p |||| 0|||||spa d |
| 999 |
|
|
|c 15642
|d 15642
|
| 040 |
|
|
|a AR-BbUGT
|c AR-BbUGT
|
| 100 |
1 |
|
|a Valle Calvo, Clara Lucía \ Naessens, Sergio Francisco
|
| 245 |
1 |
0 |
|a Tucumán y su acercamiento a nuevos mercados comerciales de Asia y Africa
|
| 651 |
|
4 |
|a Tucumán (Argentina : Provincia)
|9 390
|
| 653 |
|
|
|a Comercio exterior
|
| 653 |
|
|
|a Mercados
|
| 773 |
0 |
|
|o R7559.44
|g Vol. 14, no. 15 (2015), p. 40-52
|t Revista del Departamento de Geografía (Tucumán)
|x 0328-5359
|w AR-BbUGT7177
|
| 942 |
|
|
|2 ddc
|c ARTPP
|